[Event "Titled Tue 20th May Late"]
[Site "chess.com INT"]
[Date "2025.05.20"]
[Round "2"]
[White "Rudolph, Anna"]
[Black "Robert, Yoann"]
[Result "1-0"]
[WhiteTitle "WIM"]
[BlackTitle "CM"]
[WhiteElo "2198"]
[BlackElo "2198"]
[WhiteFideId "14102404"]
[BlackFideId "36018805"]
[EventDate "2025.05.20"]

1. e4 c5 2. Nf3 Nc6 3. d4 cxd4 4. Nxd4 Nf6 5. Nc3 e5 6. Ndb5 h6 7. Nd6+ Bxd6 8.
Qxd6 Qe7 9. Qd2 d6 10. b3 Nd4 11. Bb2 O-O 12. f3 Be6 13. Nd5 Bxd5 14. exd5 Rac8
15. Bxd4 exd4+ 16. Kf2 Nxd5 17. c4 Ne3 18. Re1 Qf6 19. Bd3 Rfe8 20. Re2 Re7 21.
Rhe1 Qg5 22. Kg1 Rce8 23. Be4 Qc5 24. Qd3 f5 25. Rxe3 dxe3 26. Bxf5 e2+ 27. Kh1
Re3 28. Qc2 1-0

[Event "Titled Tue 20th May Late"]
[Site "chess.com INT"]
[Date "2025.05.20"]
[Round "2"]
[White "Chor, Kevin"]
[Black "Zou, Chen"]
[Result "0-1"]
[WhiteTitle "CM"]
[BlackTitle "IM"]
[WhiteElo "1966"]
[BlackElo "2443"]
[WhiteFideId "2090740"]
[BlackFideId "8610959"]
[EventDate "2025.05.20"]

1. e4 c5 2. Nf3 Nc6 3. d4 cxd4 4. Nxd4 e5 5. Nb5 d6 6. N1c3 a6 7. Na3 Be7 8. Nc4
Be6 9. Ne3 Nf6 10. g3 O-O 11. Bg2 Rc8 12. Ncd5 b5 13. O-O Nb8 14. c3 Nbd7 15. a4
bxa4 16. Qxa4 Nc5 17. Qc2 Nxd5 18. exd5 Bd7 19. Nf5 Bxf5 20. Qxf5 a5 21. Be3 g6
22. Qc2 Bg5 23. Bxg5 Qxg5 24. Rxa5 Nd7 25. Ra6 Qe7 26. Rfa1 Nc5 27. Rc6 Ra8 28.
Rxa8 Rxa8 29. b4 Ra1+ 30. Bf1 Nd7 31. c4 e4 32. Rc8+ Nf8 33. Qc3 Rb1 34. c5 Qd7
35. Rc6 Qh3 36. Qc4 Nd7 37. Rc8+ Kg7 38. Qe2 Ne5 39. f4 Nf3+ 40. Kf2 Qxc8 41.
Qxe4 Rxf1+ 42. Kxf1 Nd2+ 0-1

[Event "Titled Tue 20th May Late"]
[Site "chess.com INT"]
[Date "2025.05.20"]
[Round "2"]
[White "Herrera Ortiz, Miguel"]
[Black "Albertini, Luca"]
[Result "0-1"]
[WhiteTitle "IM"]
[WhiteElo "2174"]
[BlackElo "2139"]
[WhiteFideId "5100550"]
[BlackFideId "847038"]
[EventDate "2025.05.20"]

1. e4 e5 2. Nf3 Nc6 3. Bb5 a6 4. Ba4 Nf6 5. O-O b5 6. Bb3 Be7 7. Re1 O-O 8. a4
b4 9. a5 Rb8 10. Bc4 d5 11. exd5 Nxd5 12. Nxe5 Nxe5 13. Rxe5 c6 14. d4 Bd6 15.
Re1 Qh4 16. g3 Qf6 17. Bd3 g6 18. c4 bxc3 19. bxc3 Bf5 20. Bxf5 Qxf5 21. Bh6
Rfe8 22. Rxe8+ Rxe8 23. Bd2 Qd3 24. Qc1 Re2 25. Be1 Kg7 26. c4 Rc2 27. Qg5 Qxc4
28. Nd2 Qxd4 29. Rd1 Nc3 30. Ra1 Ne2+ 31. Kf1 Qxa1 32. Kxe2 Bb4 33. Qe3 Rc5 34.
f4 Qf6 35. Ne4 Qb2+ 36. Kf3 Rb5 37. Bxb4 Rxb4 38. f5 Rb3 39. f6+ Kf8 0-1

[Event "Titled Tue 20th May Late"]
[Site "chess.com INT"]
[Date "2025.05.20"]
[Round "2"]
[White "Mammadov, Sadig"]
[Black "Kollars, Dmitrij"]
[Result "0-1"]
[WhiteTitle "IM"]
[BlackTitle "GM"]
[WhiteElo "2395"]
[BlackElo "2625"]
[WhiteFideId "13408712"]
[BlackFideId "12909572"]
[EventDate "2025.05.20"]

1. d4 Nf6 2. c4 e6 3. Nc3 d5 4. cxd5 exd5 5. Bg5 Be7 6. e3 h6 7. Bh4 Bg4 8. Qc2
O-O 9. Bd3 c5 10. Nge2 Nc6 11. O-O c4 12. Bf5 Nb4 13. Qb1 Bxf5 14. Qxf5 g6 15.
Qf3 g5 16. Bg3 Qd7 17. e4 dxe4 18. Nxe4 Nxe4 19. Qxe4 f5 20. Qb1 Nd3 21. Be5
Rac8 22. Nc3 b5 23. a3 a6 24. Rd1 Rfd8 25. Qa2 Nxe5 26. dxe5 Qe6 27. Rac1 Bc5
28. a4 b4 29. Ne2 b3 30. Qb1 Qxe5 31. Ng3 Qf4 32. Rf1 Rd2 33. Nxf5 Rxf2 34. Kh1
Qxf5 35. Qxf5 Rxf5 36. Rxf5 Bd4 37. Rd1 Bxb2 38. Rd7 c3 0-1

[Event "Titled Tue 20th May Late"]
[Site "chess.com INT"]
[Date "2025.05.20"]
[Round "2"]
[White "Fernandes, Rogerio Paulo Muller"]
[Black "Nguyen Hong Nhung"]
[Result "0-1"]
[BlackTitle "WFM"]
[WhiteElo "2241"]
[BlackElo "2197"]
[WhiteFideId "2101599"]
[BlackFideId "12412201"]
[EventDate "2025.05.20"]

1. c4 c5 2. g3 g6 3. Bg2 Bg7 4. Nf3 Nf6 5. O-O O-O 6. Nc3 Nc6 7. a3 Rb8 8. Rb1
d5 9. cxd5 Nxd5 10. Nxd5 Qxd5 11. d3 e5 12. b4 cxb4 13. axb4 a6 14. Be3 Qd8 15.
b5 axb5 16. Rxb5 Nd4 17. Nxd4 exd4 18. Bf4 Ra8 19. Bxb7 Bxb7 20. Rxb7 Ra2 21. e4
dxe3 22. fxe3 Qd5 23. Qf3 Qxd3 24. Rf2 Ra1+ 25. Kg2 Qc4 26. Bd6 Ra5 27. Bxf8 Rf5
28. Bxg7 Rxf3 29. Rxf3 Qc2+ 30. Kh3 Qc8+ 31. g4 Qxb7 32. Bh6 Qxf3+ 33. Kh4 f6 0-1

[Event "Titled Tue 20th May Late"]
[Site "chess.com INT"]
[Date "2025.05.20"]
[Round "2"]
[White "Demchenko, Anton"]
[Black "Burmakin, Vladimir"]
[Result "1-0"]
[WhiteTitle "GM"]
[BlackTitle "GM"]
[WhiteElo "2619"]
[BlackElo "2435"]
[WhiteFideId "4160258"]
[BlackFideId "4105109"]
[EventDate "2025.05.20"]

1. e4 c6 2. d4 d5 3. e5 Bf5 4. Bd3 Bxd3 5. Qxd3 e6 6. c3 c5 7. Ne2 Nc6 8. O-O
Rc8 9. a3 cxd4 10. cxd4 Nge7 11. Nd2 Nf5 12. Nf3 Be7 13. g4 Nh4 14. Nxh4 Bxh4
15. f4 Be7 16. Kg2 h5 17. f5 hxg4 18. fxe6 fxe6 19. Nf4 Kd7 20. Nxe6 Qg8 21. Nf4
Rf8 22. Bd2 g5 23. Ne2 Rf7 24. Rxf7 Qxf7 25. Rh1 Rh3 26. Ng3 Qe6 27. Bc3 Kc8 28.
Rf1 Qh6 29. Qf5+ Kc7 30. Rh1 1-0

[Event "Titled Tue 20th May Late"]
[Site "chess.com INT"]
[Date "2025.05.20"]
[Round "2"]
[White "Lugo, Blas"]
[Black "Kolmagorov, Alexey"]
[Result "0-1"]
[WhiteTitle "IM"]
[BlackTitle "CM"]
[WhiteElo "2399"]
[BlackElo "2145"]
[WhiteFideId "2011263"]
[BlackFideId "34129402"]
[EventDate "2025.05.20"]

1. e4 e5 2. Nf3 Nc6 3. Nc3 Nf6 4. Bb5 Bb4 5. O-O O-O 6. d3 Bxc3 7. bxc3 d6 8.
Bg5 Qe7 9. Re1 Bg4 10. h3 Bh5 11. g4 Bg6 12. Rb1 a6 13. Bxc6 bxc6 14. Qe2 h6 15.
Bh4 Qe6 16. c4 Nxg4 17. hxg4 Qxg4+ 18. Bg3 Bh5 19. Kg2 f5 20. Ng1 Qg5 21. f3 f4
22. Qf2 Rf6 23. Kh2 fxg3+ 24. Qxg3 Qd2+ 25. Re2 Qc3 26. Rg2 Rg6 27. Qh3 Rxg2+
28. Qxg2 Rf8 29. Rb7 Rf7 30. Rb8+ Kh7 31. Ra8 Qa5 32. Rd8 Qxa2 33. Kh1 a5 34.
Qh3 Bg6 35. Qc8 Bh5 36. Rh8+ Kg6 37. Qe6+ Rf6 38. Qe7 Qxc2 39. Rg8 Bxf3+ 40.
Nxf3 Qd1+ 41. Ng1 Qh5+ 42. Kg2 Qg4+ 43. Kh1 Qh4+ 0-1

[Event "Titled Tue 20th May Late"]
[Site "chess.com INT"]
[Date "2025.05.20"]
[Round "2"]
[White "Salinas Herrera, Pablo"]
[Black "Novosel, Lovro"]
[Result "1-0"]
[WhiteTitle "GM"]
[BlackTitle "FM"]
[WhiteElo "2447"]
[BlackElo "2346"]
[WhiteFideId "3407128"]
[BlackFideId "14547120"]
[EventDate "2025.05.20"]

1. d4 Nf6 2. Nf3 e6 3. Bf4 c5 4. e3 Qb6 5. Nc3 a6 6. Rb1 d5 7. Bd3 Bd7 8. O-O
Be7 9. a3 O-O 10. Ne5 Bc6 11. b4 cxb4 12. axb4 Nbd7 13. b5 axb5 14. Nxb5 Qa5 15.
Nxc6 bxc6 16. Bc7 Qa4 17. Nc3 Qa7 18. Bg3 Qa5 19. Ne2 c5 20. c4 Rfc8 21. cxd5
Nxd5 22. Be4 N7f6 23. Bf3 c4 24. e4 Nb4 25. Qd2 h6 26. Nc3 Nd3 27. Rb5 Qa3 28.
Nb1 Qa2 29. Qxa2 Rxa2 30. Rb7 Bf8 31. Nc3 Rc2 32. Nd1 c3 33. Rc7 Rxc7 34. Bxc7 1-0

[Event "Titled Tue 20th May Late"]
[Site "chess.com INT"]
[Date "2025.05.20"]
[Round "2"]
[White "Deac, Bogdan-Daniel"]
[Black "Velikanov, Alexander"]
[Result "1-0"]
[WhiteTitle "GM"]
[BlackTitle "IM"]
[WhiteElo "2668"]
[BlackElo "2372"]
[WhiteFideId "1226380"]
[BlackFideId "2039290"]
[EventDate "2025.05.20"]

1. d4 Nf6 2. c4 g6 3. Nc3 Bg7 4. Nf3 O-O 5. e3 c5 6. d5 e6 7. Be2 exd5 8. cxd5
d6 9. Nd2 Na6 10. O-O Nc7 11. e4 Re8 12. Re1 a6 13. a4 Rb8 14. a5 b5 15. axb6
Rxb6 16. h3 Rb4 17. Bd3 Nb5 18. Nc4 Nd4 19. Bf4 Nh5 20. Bh2 Qg5 21. Qc1 Qh4 22.
Nxd6 Bxh3 23. Qe3 Rxb2 24. Qxh3 Qxf2+ 25. Kh1 Be5 26. Rf1 Qd2 27. Nxe8 Bxh2 28.
Kxh2 Qxc3 29. Rad1 Rb3 30. Nf6+ Nxf6 31. Rxf6 Ne2 32. Rf3 1-0

[Event "Titled Tue 20th May Late"]
[Site "chess.com INT"]
[Date "2025.05.20"]
[Round "2"]
[White "Swara Lakshmi S Nair"]
[Black "Klepek, Witold"]
[Result "0-1"]
[WhiteTitle "WCM"]
[BlackTitle "CM"]
[WhiteElo "2178"]
[BlackElo "2253"]
[WhiteFideId "25629239"]
[BlackFideId "1175068"]
[EventDate "2025.05.20"]

1. e4 c5 2. Nf3 Nc6 3. d4 cxd4 4. Nxd4 e5 5. Nb5 d6 6. c4 g6 7. N1c3 a6 8. Na3
Bg7 9. Bd3 Nge7 10. Nc2 O-O 11. O-O f5 12. exf5 Bxf5 13. Ne3 Be6 14. Ncd5 Nd4
15. Bd2 Nec6 16. Bc3 Rb8 17. Nc2 b5 18. Nxd4 exd4 19. Bd2 Ne5 20. Nf4 Qd7 21.
cxb5 Nxd3 22. Nxd3 Bc4 23. Bb4 Qxb5 24. Bxd6 Bxd3 25. Bxf8 Rxf8 26. Re1 Qf5 27.
Qd2 Bb5 28. Re7 d3 29. Rae1 Bd4 30. Rf1 Qf6 31. Re4 Bxb2 32. g3 Bc3 33. Qh6 d2
34. Rf4 Qg7 35. Rxf8+ Qxf8 36. Qe3 Bxf1 0-1

[Event "Titled Tue 20th May Late"]
[Site "chess.com INT"]
[Date "2025.05.20"]
[Round "2"]
[White "Tkachenko, Erik"]
[Black "Cramling Bellon, Anna"]
[Result "0-1"]
[BlackTitle "WFM"]
[WhiteElo "2028"]
[BlackElo "2046"]
[WhiteFideId "30902967"]
[BlackFideId "32009232"]
[EventDate "2025.05.20"]

1. e4 c5 2. Nf3 e6 3. d4 cxd4 4. Nxd4 Nf6 5. Nc3 Nc6 6. Ndb5 d6 7. Bf4 e5 8. Bg5
a6 9. Na3 b5 10. Nd5 Be7 11. Bxf6 Bxf6 12. c3 Bg5 13. Nc2 O-O 14. h4 Bh6 15. a4
bxa4 16. Rxa4 a5 17. g3 Kh8 18. b4 f5 19. b5 Ne7 20. Nce3 fxe4 21. Bg2 Bb7 22.
Bxe4 Bxe3 23. Nxe3 d5 24. Bg2 d4 25. cxd4 Bxg2 26. Nxg2 Qd5 27. O-O Qxb5 28. Re1
Nc6 29. dxe5 Nxe5 30. Nf4 Nf3+ 31. Qxf3 Qxa4 32. Re7 Qa1+ 33. Kg2 Qf6 34. Rb7 a4
35. Qa3 Qc6+ 36. Qf3 Qxf3+ 37. Kxf3 a3 38. Rb1 Rfb8 39. Ra1 a2 40. Nd3 Rb1 0-1

[Event "Titled Tue 20th May Late"]
[Site "chess.com INT"]
[Date "2025.05.20"]
[Round "2"]
[White "Gunduz, Umut Erdem"]
[Black "Galchenko, Matvey"]
[Result "0-1"]
[WhiteTitle "IM"]
[BlackTitle "IM"]
[WhiteElo "2268"]
[BlackElo "2442"]
[WhiteFideId "6381383"]
[BlackFideId "24175480"]
[EventDate "2025.05.20"]

1. e4 c5 2. Nf3 g6 3. d4 cxd4 4. Qxd4 Nf6 5. e5 Nc6 6. Qa4 Nd5 7. Qb3 Nb6 8. a4
d6 9. a5 Nd7 10. exd6 Bg7 11. dxe7 Qxe7+ 12. Be2 O-O 13. Be3 Nc5 14. Qa3 Nb4 15.
O-O Nxc2 16. Bxc5 Qxe2 17. Qa4 Rd8 18. Nc3 Bxc3 19. bxc3 Nxa1 20. Re1 Bd7 21.
Qf4 Qa2 22. h4 Bf5 23. h5 Rac8 24. Bxa7 Nc2 25. Re7 Qa1+ 26. Kh2 Qa3 27. Qe5
Qxc3 28. Qg3 Qb4 29. Re2 Qg4 30. Qe5 Qxh5+ 31. Kg1 Bg4 32. Qxh5 Bxh5 0-1

[Event "Titled Tue 20th May Late"]
[Site "chess.com INT"]
[Date "2025.05.20"]
[Round "2"]
[White "Martinez Ramirez, Lennis"]
[Black "Ferrara, Enzo"]
[Result "1-0"]
[WhiteTitle "IM"]
[WhiteElo "2438"]
[BlackElo "2138"]
[WhiteFideId "3509079"]
[BlackFideId "137731"]
[EventDate "2025.05.20"]

1. Nf3 f5 2. c4 Nf6 3. Nc3 g6 4. d4 Bg7 5. Bf4 O-O 6. e3 d6 7. h3 c6 8. Bh2 Nbd7
9. b4 Qe8 10. Be2 e5 11. dxe5 dxe5 12. Qd6 e4 13. Nd4 Nb6 14. c5 Nbd5 15. Bc4
Kh8 16. Nxd5 Nxd5 17. Bxd5 cxd5 18. Qxd5 a5 19. b5 a4 20. O-O g5 21. Bd6 Rf7 22.
c6 bxc6 23. bxc6 Ba6 24. Rfe1 Bc8 25. c7 Ra6 26. Rad1 Qd7 27. Nb5 Ra5 28. Rb1
Rf6 29. Red1 f4 30. Be5 Rf7 31. Bxg7+ Rxg7 32. Qe5 Rxb5 33. Qxb5 Qxc7 34. Rbc1 1-0

[Event "Titled Tue 20th May Late"]
[Site "chess.com INT"]
[Date "2025.05.20"]
[Round "2"]
[White "Panarin, Mikhail"]
[Black "Ozates, Tuna"]
[Result "1-0"]
[WhiteTitle "GM"]
[BlackTitle "FM"]
[WhiteElo "2562"]
[BlackElo "2217"]
[WhiteFideId "4153251"]
[BlackFideId "6354521"]
[EventDate "2025.05.20"]

1. e4 c5 2. Nf3 Nc6 3. d4 cxd4 4. Nxd4 e5 5. Nb5 d6 6. a4 Be6 7. N1c3 Nf6 8. Bg5
Be7 9. Bxf6 gxf6 10. Nd5 Rc8 11. Ne3 a6 12. Na3 Qb6 13. Nac4 Qc5 14. c3 Rg8 15.
Qd2 Rd8 16. b4 Qa7 17. a5 h5 18. h4 Bf8 19. Nd5 Bxd5 20. exd5 Ne7 21. g3 f5 22.
Bh3 f4 23. gxf4 Bh6 24. Nb6 Bxf4 25. Qd3 Qb8 26. Ke2 Qc7 27. Rhg1 Ng6 28. Bf5
Qe7 29. Rxg6 fxg6 30. Bxg6+ Rxg6 31. Qxg6+ Qf7 32. Rg1 Qxg6 33. Rxg6 Kf7 34. Re6
e4 35. Rxe4 Be5 36. c4 Bf6 37. c5 dxc5 38. bxc5 Rg8 39. Rf4 Rg4 40. Rxg4 hxg4
41. h5 Bd4 42. c6 bxc6 43. dxc6 Be5 44. Nd5 Ke6 45. c7 Kd7 46. h6 Bh8 47. h7 Kc8
48. Ke3 1-0

[Event "Titled Tue 20th May Late"]
[Site "chess.com INT"]
[Date "2025.05.20"]
[Round "2"]
[White "Deichmann, Esteban Horacio"]
[Black "Logozar, Elijah"]
[Result "0-1"]
[WhiteElo "2085"]
[BlackElo "1945"]
[WhiteFideId "167410"]
[BlackFideId "30963788"]
[EventDate "2025.05.20"]

1. e4 c5 2. c3 Nf6 3. e5 Nd5 4. d4 cxd4 5. cxd4 d6 6. f4 Nc6 7. Nc3 Nxc3 8. bxc3
Bf5 9. Nf3 e6 10. Bd3 Bxd3 11. Qxd3 Be7 12. O-O O-O 13. Be3 Rc8 14. Rab1 Na5 15.
Rb5 a6 16. Rb2 b5 17. Rbf2 Nc4 18. Bc1 dxe5 19. fxe5 Qd5 20. h4 h6 21. Qe2 Nb6
22. Bxh6 gxh6 23. Qe3 Kg7 24. Qf4 f5 25. exf6+ Rxf6 26. Qg3+ Rg6 27. Qh2 Bd6 28.
Qh3 Rg3 29. Qh1 Rf8 30. h5 Rf4 31. Qh2 Rfxf3 32. Qh4 Rxf2 33. Rxf2 Rg5 34. g4
Qe4 35. Rg2 Nd5 36. c4 Qxd4+ 37. Kh1 bxc4 38. a4 c3 39. a5 Qd1+ 40. Rg1 c2 41.
Qf2 c1=Q 42. Kg2 Rxg4+ 43. Kh3 Qc3+ 44. Rg3 Qh1+ 0-1

[Event "Titled Tue 20th May Late"]
[Site "chess.com INT"]
[Date "2025.05.20"]
[Round "2"]
[White "Naroditsky, Daniel"]
[Black "Stamatiou, Rodolfos"]
[Result "1-0"]
[WhiteTitle "GM"]
[BlackTitle "FM"]
[WhiteElo "2619"]
[BlackElo "2269"]
[WhiteFideId "2026961"]
[BlackFideId "25826530"]
[EventDate "2025.05.20"]

1. e4 c5 2. c3 Nf6 3. e5 Nd5 4. Nf3 Nc6 5. Bc4 Nb6 6. Bb3 c4 7. Bc2 g5 8. Nxg5
Nxe5 9. Qe2 d6 10. f4 Bg4 11. Qe3 Ng6 12. O-O Bg7 13. f5 Ne5 14. h3 Bh5 15. g4
Bxg4 16. hxg4 Nxg4 17. Qe4 Ne5 18. Nf3 Rg8 19. Kh1 Bf6 20. Nxe5 Bxe5 21. d4 cxd3
22. Bxd3 Nd7 23. Be3 a6 24. Nd2 Nf6 25. Qxb7 Rc8 26. Bxa6 Rb8 27. Bb5+ Kf8 28.
Bh6+ Rg7 29. Qg2 Nh5 30. Bxg7+ Nxg7 31. f6 Nh5 32. Bc4 Ng3+ 33. Kg1 Qb6+ 34. Qf2
Nxf1 35. fxe7+ Kxe7 36. Qxb6 Rxb6 37. Nxf1 Rxb2 38. Ne3 Kd7 39. Nd5 f6 40. a4
Rc2 41. a5 Bxc3 42. Nxc3 Rxc3 43. a6 1-0

[Event "Titled Tue 20th May Late"]
[Site "chess.com INT"]
[Date "2025.05.20"]
[Round "2"]
[White "Reprintsev, Alexander"]
[Black "Sobek, Jaroslav"]
[Result "1-0"]
[WhiteTitle "IM"]
[BlackTitle "FM"]
[WhiteElo "2256"]
[BlackElo "2195"]
[WhiteFideId "14100541"]
[BlackFideId "301388"]
[EventDate "2025.05.20"]

1. e4 c5 2. Nc3 a6 3. d4 cxd4 4. Qxd4 Nc6 5. Qd3 Nf6 6. Bf4 d6 7. O-O-O b5 8.
Nd5 Bb7 9. Nf3 Ng4 10. Qd2 e6 11. Ne3 Nxe3 12. Bxe3 Qc7 13. Kb1 Be7 14. Bf4 Rd8
15. c4 bxc4 16. Bxc4 O-O 17. Rc1 Qb8 18. Qe2 Qa8 19. Rhd1 Na5 20. Bd3 Rc8 21.
Bg5 Bxg5 22. Nxg5 h6 23. Nf3 Rxc1+ 24. Rxc1 Rc8 25. Rc2 Rxc2 26. Qxc2 Nc6 27. a3
Qa7 28. b4 Qb6 29. Ka2 Ne7 30. Qb2 d5 31. e5 Nc6 32. b5 axb5 33. Bxb5 Na5 34.
Bd3 Qc7 35. Qb4 Nc4 36. Bxc4 dxc4 37. Qd6 Qxd6 38. exd6 Kf8 39. Ne5 f6 40. Nxc4
Bxg2 41. Nb6 Ke8 42. a4 Bf1 43. Kb3 Kd8 44. Kc3 e5 45. Kb4 1-0

[Event "Titled Tue 20th May Late"]
[Site "chess.com INT"]
[Date "2025.05.20"]
[Round "2"]
[White "Mottola, Max"]
[Black "Chakrasali, Samarth"]
[Result "1-0"]
[WhiteElo "2128"]
[BlackElo "2025"]
[WhiteFideId "30985862"]
[BlackFideId "2077310"]
[EventDate "2025.05.20"]

1. Nf3 Nf6 2. b3 d5 3. Bb2 c5 4. e3 Nc6 5. Bb5 Bg4 6. h3 Bh5 7. g4 Bg6 8. Ne5
Qc7 9. h4 h6 10. Nxg6 fxg6 11. f4 O-O-O 12. Qf3 e6 13. Bxc6 Qxc6 14. d3 Qb6 15.
Nd2 Kb8 16. O-O-O Rc8 17. g5 Nd7 18. e4 Qa6 19. Kb1 Nb6 20. c4 d4 21. Qg4 Nd7
22. Nf3 Bd6 23. Bc1 Bc7 24. gxh6 Rxh6 25. Ng5 Nf6 26. Qxe6 Qa5 27. Qh3 b5 28.
Qg2 bxc4 29. dxc4 Ka8 30. e5+ Kb8 31. exf6 gxf6 32. Ne6 Bd6 33. f5 gxf5 34. Bxh6
Be7 35. Bf4+ 1-0

[Event "Titled Tue 20th May Late"]
[Site "chess.com INT"]
[Date "2025.05.20"]
[Round "2"]
[White "Onur, Cigdem"]
[Black "Bahmani, Koorosh"]
[Result "0-1"]
[WhiteTitle "WCM"]
[BlackTitle "CM"]
[WhiteElo "1966"]
[BlackElo "2208"]
[WhiteFideId "6346030"]
[BlackFideId "42576750"]
[EventDate "2025.05.20"]

1. e4 c6 2. d4 d5 3. exd5 cxd5 4. c4 Nf6 5. Nc3 e6 6. Nf3 Bb4 7. Bg5 O-O 8. Bd3
dxc4 9. Bxc4 b6 10. O-O Bb7 11. Ne5 Be7 12. Rc1 Nbd7 13. Re1 Rc8 14. Bd3 Nxe5
15. dxe5 Nd5 16. Bxe7 Qxe7 17. Ne4 Nf4 18. Bb1 Rxc1 19. Qxc1 Qh4 20. g3 Nh3+ 21.
Kg2 Bxe4+ 22. Rxe4 Qh5 23. Rh4 Qxe5 24. Bxh7+ Kh8 25. Kxh3 g5 26. Rh6 Kg7 27.
Rh5 f6 28. Bd3 Qd4 29. Rh7+ Kg8 30. Qc3 g4+ 0-1

[Event "Titled Tue 20th May Late"]
[Site "chess.com INT"]
[Date "2025.05.20"]
[Round "2"]
[White "Ersoz, Teoman Guney"]
[Black "Baskakov, Egor"]
[Result "0-1"]
[WhiteTitle "CM"]
[BlackTitle "CM"]
[WhiteElo "2090"]
[BlackElo "2215"]
[WhiteFideId "44537050"]
[BlackFideId "24197866"]
[EventDate "2025.05.20"]

1. e4 c5 2. Nf3 Nf6 3. e5 Nd5 4. b3 g6 5. Bb2 Bg7 6. g3 O-O 7. Bg2 Nc6 8. d3 d6
9. Qe2 Bg4 10. h3 Bxf3 11. Qxf3 e6 12. Nd2 Nxe5 13. Qe2 Nxd3+ 14. Qxd3 Bxb2 15.
Rb1 Bg7 16. Bxd5 exd5 17. Qxd5 Re8+ 18. Kf1 Qa5 19. Nc4 Qxa2 20. Kg2 Qxc2 21.
Nxd6 Re7 22. Nxb7 Bd4 23. Rbf1 Re2 24. Qf3 Qe4 25. Nd6 Qxf3+ 26. Kxf3 Rb2 27.
Rb1 Rxf2+ 28. Ke4 Rd8 29. Nb5 f5+ 30. Kd3 Bf6+ 31. Kc4 Rc2+ 32. Nc3 Rxc3+ 33.
Kb5 Rb8+ 34. Ka6 Rbxb3 35. Rxb3 Rxb3 36. Rc1 Rxg3 37. Rxc5 Rxh3 38. Rc7 Re3 39.
Kb5 Re7 40. Rc8+ Kf7 41. Kc4 f4 42. Kd5 f3 43. Rc3 Bxc3 0-1

[Event "Titled Tue 20th May Late"]
[Site "chess.com INT"]
[Date "2025.05.20"]
[Round "2"]
[White "Azizoglu, Ferzan"]
[Black "Miszler, Levente"]
[Result "0-1"]
[BlackTitle "FM"]
[WhiteElo "2055"]
[BlackElo "2261"]
[WhiteFideId "6302726"]
[BlackFideId "763276"]
[EventDate "2025.05.20"]

1. e4 e6 2. d4 d5 3. Nd2 Nf6 4. e5 Nfd7 5. Bd3 c5 6. c3 Nc6 7. Ne2 cxd4 8. cxd4
f6 9. exf6 Nxf6 10. O-O Bd6 11. Nf3 O-O 12. Bg5 Qc7 13. Bh4 Bd7 14. Bg3 Be8 15.
Qc2 Bh5 16. Rac1 Bxf3 17. gxf3 Rac8 18. Qb1 Qd7 19. Kg2 Nb4 20. a3 Nxd3 21. Qxd3
Nh5 22. Rxc8 Rxc8 23. Rc1 Rf8 24. Qe3 Rf6 25. Be5 Bxe5 26. dxe5 Rf8 27. Nd4 Nf4+
28. Kh1 Qf7 29. b4 Qh5 30. Rg1 Qh6 31. Rg4 b6 32. Nxe6 Qxe6 33. Rxf4 Re8 34. Rd4
Qxe5 35. Qd3 Qe1+ 36. Kg2 Re2 37. Rxd5 Qxf2+ 38. Kh3 Qxh2+ 39. Kg4 Rg2+ 40. Kf5
Qh5+ 41. Ke6 Qf7+ 42. Ke5 Rg5+ 43. Ke4 Qxd5+ 44. Qxd5+ Rxd5 45. Kxd5 h5 0-1

[Event "Titled Tue 20th May Late"]
[Site "chess.com INT"]
[Date "2025.05.20"]
[Round "2"]
[White "Harriott, Tyrell"]
[Black "Atis, Hasan"]
[Result "1-0"]
[BlackTitle "CM"]
[WhiteElo "1924"]
[BlackElo "2089"]
[WhiteFideId "2086484"]
[BlackFideId "44598017"]
[EventDate "2025.05.20"]

1. d4 d5 2. e3 e6 3. Bd3 b6 4. c3 Bb7 5. f4 Nd7 6. Nf3 Bd6 7. O-O Ne7 8. Ne5 O-O
9. Qg4 g6 10. Nd2 c5 11. Qh3 Nf6 12. Ndf3 Nf5 13. Ng5 Kg7 14. Nexf7 Rxf7 15.
Nxe6+ Kg8 16. Nxd8 Rxd8 17. Bxf5 gxf5 18. Qxf5 Ne4 19. Qh3 cxd4 20. exd4 Rg7 21.
f5 Ba6 22. f6 Rf7 23. Bh6 Bc8 24. Qh5 Bf8 25. Rf3 Bxh6 26. Qxh6 Rdf8 27. Raf1
Bg4 28. Rf4 Be6 29. R1f3 Kh8 30. Rh4 Nd6 31. Rhf4 Ne4 32. Qh5 Re8 33. Rh4 Nd6
34. Qe5 Ne4 35. Rfh3 Kg8 36. Rxe4 Kh8 37. Reh4 Kg8 38. Rg3+ Kh8 39. Rg7 Rxg7 40.
fxg7+ Kg8 41. Rf4 Bf7 42. Qf6 1-0

[Event "Titled Tue 20th May Late"]
[Site "chess.com INT"]
[Date "2025.05.20"]
[Round "2"]
[White "Antoniou, Rafail"]
[Black "Noy, Eyal"]
[Result "0-1"]
[WhiteTitle "CM"]
[BlackTitle "FM"]
[WhiteElo "2134"]
[BlackElo "2346"]
[WhiteFideId "5904390"]
[BlackFideId "2821117"]
[EventDate "2025.05.20"]

1. e4 c6 2. d4 d5 3. exd5 cxd5 4. Nc3 Nf6 5. Bd3 Nc6 6. Nge2 Nb4 7. Bb5+ Bd7 8.
O-O Rc8 9. a3 Bxb5 10. axb4 Bxe2 11. Qxe2 a6 12. b5 axb5 13. Qxb5+ Qd7 14. Qxd7+
Kxd7 15. Ra7 Kc6 16. Bg5 e6 17. Rfa1 Bb4 18. Nb1 Ne4 19. Be3 Be7 20. c3 Nd6 21.
Nd2 Nb5 22. R7a4 Nc7 23. Nf3 Bd6 24. g3 Ra8 25. Ng5 Raf8 26. c4 h6 27. Nf3 Ra8
28. c5 Be7 29. Ne5+ Kb5 30. Rxa8 Rxa8 31. Rxa8 Nxa8 32. Nxf7 Kc4 33. Nh8 Kb3 34.
Ng6 Bf6 35. Nf8 Nc7 36. Bf4 Nb5 37. Be5 Bxe5 38. dxe5 d4 39. Kf1 d3 40. Nxe6 d2
41. Nxg7 d1=Q+ 42. Kg2 Qg4 43. Ne8 Qe4+ 44. f3 Qe2+ 45. Kh3 Qxe5 46. Nd6 Nxd6
47. cxd6 Qxd6 48. f4 Qg6 49. g4 Qd3+ 50. Kh4 Qf3 51. f5 Qf4 52. h3 Qe3 53. f6
Qg5+ 0-1

[Event "Titled Tue 20th May Late"]
[Site "chess.com INT"]
[Date "2025.05.20"]
[Round "2"]
[White "Carnicelli, Valerio"]
[Black "Eljanov, Pavel"]
[Result "1-0"]
[WhiteTitle "FM"]
[BlackTitle "GM"]
[WhiteElo "2396"]
[BlackElo "2668"]
[WhiteFideId "856185"]
[BlackFideId "14102951"]
[EventDate "2025.05.20"]

1. e4 e5 2. Nf3 Nc6 3. Bc4 Bc5 4. c3 Nf6 5. d3 d6 6. O-O O-O 7. Re1 a5 8. h3 Ba7
9. Bb5 Ne7 10. d4 Ng6 11. Bd3 Nh5 12. Be3 Nhf4 13. Bc2 exd4 14. cxd4 d5 15. Nc3
dxe4 16. Nxe4 h6 17. Ng3 Nd5 18. Rc1 Nxe3 19. Rxe3 Nf4 20. Bb1 c6 21. Re4 Nd5
22. a3 g6 23. Qd3 Qf6 24. Rce1 Nf4 25. Qd2 g5 26. Qc2 Ng6 27. Nh5 Qh8 28. R4e2
Bb8 29. Ba2 Nf4 30. Nxf4 Bxf4 31. g3 Bd6 32. Qg6+ Qg7 33. Qxd6 Bxh3 34. Re7 Rad8
35. Qc7 Qf6 36. Ne5 Rde8 37. Nxf7 Rxe7 38. Rxe7 1-0